[Event "DEM U10w 2024"]
[Site "Willingen GER"]
[Date "2024.05.23"]
[Round "8"]
[White "Seyedfakhari, Elena"]
[Black "Kühn, Nicole"]
[Result "0-1"]
[Termination "normal"]
[Board "11"]
[WhiteElo "1060"]
[BlackElo "1477"]
[WhiteClock "01:00:41"]
[BlackClock "00:39:39"]
[PlyCount "142"]
[WhiteFideId "34639888"]
[BlackFideId "34610510"]
[EventCountry "GER"]
[EventRounds "11"]
[EventType "swiss"]
[EventDate "2024.05.18"]

1. e4 {[%clk 01:15:59]} e5 {[%clk 01:15:26]} {[%emt 00:00:35]} 2. Nf3 {[%clk
01:16:17]} {[%emt 00:00:12]} Nc6 {[%clk 01:14:57]} {[%emt 00:00:59]} 3. Bc4
{[%clk 01:16:22]} {[%emt 00:00:23]} Be7 {[%clk 01:14:26]} {[%emt 00:01:02]} 4.
O-O {[%clk 01:16:30]} {[%emt 00:00:22]} Nf6 {[%clk 01:13:49]} {[%emt 00:01:07]}
5. d3 {[%clk 01:16:39]} {[%emt 00:00:21]} d6 {[%clk 01:13:27]} {[%emt
00:00:52]} 6. h3 {[%clk 01:16:46]} {[%emt 00:00:22]} O-O {[%clk 01:12:42]}
{[%emt 00:01:16]} 7. Be3 {[%clk 01:16:56]} {[%emt 00:00:18]} Be6 {[%clk
01:12:23]} {[%emt 00:00:51]} 8. Bb3 {[%clk 01:16:55]} {[%emt 00:00:29]} Qd7
{[%clk 01:10:34]} {[%emt 00:02:21]} 9. Nc3 {[%clk 01:15:59]} {[%emt 00:01:26]}
Rad8 {[%clk 01:08:36]} {[%emt 00:02:28]} 10. d4 {[%clk 01:15:48]} {[%emt
00:00:41]} Bxb3 {[%clk 01:06:55]} {[%emt 00:02:11]} 11. axb3 {[%clk 01:16:00]}
{[%emt 00:00:18]} exd4 {[%clk 01:05:55]} {[%emt 00:01:31]} 12. Bxd4 {[%clk
01:16:14]} {[%emt 00:00:15]} Nxd4 {[%clk 01:04:57]} {[%emt 00:01:29]} 13. Qxd4
{[%clk 01:16:12]} {[%emt 00:00:31]} a6 {[%clk 01:03:29]} {[%emt 00:01:58]} 14.
Rad1 {[%clk 01:16:07]} {[%emt 00:00:26]} Rfe8 {[%clk 00:59:23]} {[%emt
00:04:45]} 15. Rfe1 {[%clk 01:15:40]} {[%emt 00:00:56]} Qc6 {[%clk 00:57:02]}
{[%emt 00:02:52]} 16. Qc4 {[%clk 01:12:12]} {[%emt 00:03:58]} Qxc4 {[%clk
00:54:39]} {[%emt 00:02:53]} 17. bxc4 {[%clk 01:12:28]} {[%emt 00:00:14]} Bf8
{[%clk 00:53:46]} {[%emt 00:01:23]} 18. Re3 {[%clk 01:10:50]} {[%emt 00:02:05]}
Rd7 {[%clk 00:50:57]} {[%emt 00:03:20]} 19. Rde1 {[%clk 01:10:53]} {[%emt
00:00:28]} Red8 {[%clk 00:48:03]} {[%emt 00:03:25]} 20. Nd5 {[%clk 01:10:43]}
{[%emt 00:00:36]} Nxd5 {[%clk 00:47:52]} {[%emt 00:00:45]} 21. cxd5 {[%clk
01:10:54]} {[%emt 00:00:19]} g6 {[%clk 00:47:17]} {[%emt 00:01:05]} 22. Rd3
{[%clk 01:09:45]} {[%emt 00:01:37]} Bg7 {[%clk 00:46:39]} {[%emt 00:01:10]} 23.
b4 {[%clk 01:09:03]} {[%emt 00:01:03]} Re7 {[%clk 00:45:46]} {[%emt 00:01:32]}
24. c4 {[%clk 01:08:24]} {[%emt 00:01:10]} Rde8 {[%clk 00:45:27]} {[%emt
00:00:48]} 25. Rde3 {[%clk 01:07:42]} {[%emt 00:01:11]} Bh6 {[%clk 00:44:47]}
{[%emt 00:01:11]} 26. R3e2 {[%clk 01:07:44]} {[%emt 00:00:26]} Bg7 {[%clk
00:44:41]} {[%emt 00:00:38]} 27. Re3 {[%clk 01:07:16]} {[%emt 00:00:55]} Ra8
{[%clk 00:41:27]} {[%emt 00:03:48]} 28. c5 {[%clk 01:07:20]} {[%emt 00:00:24]}
a5 {[%clk 00:41:04]} {[%emt 00:00:54]} 29. cxd6 {[%clk 01:07:05]} {[%emt
00:00:45]} cxd6 {[%clk 00:41:14]} {[%emt 00:00:20]} 30. bxa5 {[%clk 01:06:55]}
{[%emt 00:00:40]} Rxa5 {[%clk 00:41:08]} {[%emt 00:00:36]} 31. Rb1 {[%clk
01:04:49]} {[%emt 00:02:34]} b5 {[%clk 00:39:23]} {[%emt 00:02:17]} 32. g3
{[%clk 01:03:43]} {[%emt 00:01:35]} Re8 {[%clk 00:38:04]} {[%emt 00:01:50]} 33.
h4 {[%clk 01:02:55]} {[%emt 00:01:16]} Ra1 {[%clk 00:37:12]} {[%emt 00:01:24]}
34. Rxa1 {[%clk 01:03:04]} {[%emt 00:00:20]} Bxa1 {[%clk 00:37:29]} {[%emt
00:00:14]} 35. Rb3 {[%clk 01:02:39]} {[%emt 00:00:50]} Rb8 {[%clk 00:37:08]}
{[%emt 00:00:57]} 36. g4 {[%clk 01:01:37]} {[%emt 00:01:29]} b4 {[%clk
00:36:44]} {[%emt 00:00:56]} 37. h5 {[%clk 01:00:52]} {[%emt 00:01:13]} Bc3
{[%clk 00:36:40]} {[%emt 00:00:36]} 38. hxg6 {[%clk 01:01:03]} {[%emt
00:00:19]} hxg6 {[%clk 00:36:41]} {[%emt 00:00:29]} 39. Ng5 {[%clk 01:00:22]}
{[%emt 00:01:05]} Ra8 {[%clk 00:36:36]} {[%emt 00:00:41]} 40. f4 {[%clk
00:58:28]} {[%emt 00:02:23]} Ra3 {[%clk 00:36:37]} {[%emt 00:00:30]} 41. Rb1
{[%clk 00:58:15]} {[%emt 00:00:29]} b3 {[%clk 00:35:44]} {[%emt 00:01:37]} 42.
e5 {[%clk 00:58:24]} {[%emt 00:00:20]} dxe5 {[%clk 00:35:06]} {[%emt 00:01:09]}
43. fxe5 {[%clk 00:58:27]} {[%emt 00:00:27]} Bxe5 {[%clk 00:35:04]} {[%emt
00:00:31]} 44. Re1 {[%clk 00:58:09]} {[%emt 00:00:41]} Bd4+ {[%clk 00:34:37]}
{[%emt 00:01:06]} 45. Kg2 {[%clk 00:58:19]} {[%emt 00:00:13]} b2 {[%clk
00:34:43]} {[%emt 00:00:30]} 46. Re8+ {[%clk 00:58:08]} {[%emt 00:00:38]} Kg7
{[%clk 00:34:57]} {[%emt 00:00:18]} 47. Rb8 {[%clk 00:57:29]} {[%emt 00:01:06]}
Ra1 {[%clk 00:34:52]} {[%emt 00:00:38]} 48. Kf3 {[%clk 00:57:12]} {[%emt
00:00:42]} b1=Q {[%clk 00:35:00]} {[%emt 00:00:29]} 49. Rxb1 {[%clk 00:57:12]}
{[%emt 00:00:28]} Rxb1 {[%clk 00:35:15]} {[%emt 00:00:16]} 50. d6 {[%clk
00:57:27]} {[%emt 00:00:14]} Bf6 {[%clk 00:34:43]} {[%emt 00:01:03]} 51. Ne4
{[%clk 00:57:18]} {[%emt 00:00:38]} Rb3+ {[%clk 00:34:26]} {[%emt 00:00:48]}
52. Kf4 {[%clk 00:56:56]} {[%emt 00:00:48]} g5+ {[%clk 00:34:16]} {[%emt
00:00:44]} 53. Nxg5 {[%clk 00:56:58]} {[%emt 00:00:28]} Bxg5+ {[%clk 00:34:38]}
{[%emt 00:00:08]} 54. Kxg5 {[%clk 00:57:09]} {[%emt 00:00:18]} Rd3 {[%clk
00:34:55]} {[%emt 00:00:13]} 55. Kf5 {[%clk 00:57:16]} {[%emt 00:00:24]} Rxd6
{[%clk 00:35:14]} {[%emt 00:00:11]} 56. g5 {[%clk 00:57:26]} {[%emt 00:00:19]}
Rd5+ {[%clk 00:35:22]} {[%emt 00:00:23]} 57. Kf4 {[%clk 00:57:41]} {[%emt
00:00:13]} Kg6 {[%clk 00:35:43]} {[%emt 00:00:11]} 58. Kg4 {[%clk 00:57:53]}
{[%emt 00:00:18]} Rd4+ {[%clk 00:35:55]} {[%emt 00:00:18]} 59. Kf3 {[%clk
00:58:03]} {[%emt 00:00:19]} Kxg5 {[%clk 00:36:16]} {[%emt 00:00:11]} 60. Ke3
{[%clk 00:58:18]} {[%emt 00:00:14]} Ra4 {[%clk 00:36:36]} {[%emt 00:00:10]} 61.
Kd3 {[%clk 00:58:12]} {[%emt 00:00:35]} f5 {[%clk 00:36:53]} {[%emt 00:00:13]}
62. Kc3 {[%clk 00:58:21]} {[%emt 00:00:20]} f4 {[%clk 00:37:07]} {[%emt
00:00:17]} 63. Kb3 {[%clk 00:58:27]} {[%emt 00:00:25]} Ra8 {[%clk 00:37:15]}
{[%emt 00:00:23]} 64. Kc4 {[%clk 00:58:43]} {[%emt 00:00:12]} Rd8 {[%clk
00:37:37]} {[%emt 00:00:09]} 65. Kc5 {[%clk 00:58:57]} {[%emt 00:00:16]} f3
{[%clk 00:37:59]} {[%emt 00:00:07]} 66. Kc6 {[%clk 00:59:19]} {[%emt 00:00:08]}
f2 {[%clk 00:38:21]} {[%emt 00:00:08]} 67. Kc7 {[%clk 00:59:39]} {[%emt
00:00:10]} Rd2 {[%clk 00:38:42]} {[%emt 00:00:10]} 68. Kc6 {[%clk 00:59:59]}
{[%emt 00:00:11]} f1=Q {[%clk 00:38:56]} {[%emt 00:00:16]} 69. Kc5 {[%clk
01:00:08]} {[%emt 00:00:20]} Qc1+ {[%clk 00:39:18]} {[%emt 00:00:07]} 70. Kb6
{[%clk 01:00:26]} {[%emt 00:00:12]} Rb2+ {[%clk 00:39:45]} {[%emt 00:00:04]}
71. Ka5 {[%clk 01:00:41]} {[%emt 00:00:16]} Qa1# {[%clk 00:39:39]} {[%emt
00:00:05]} 0-1

[Event "DEM U10w 2024"]
[Site "Willingen GER"]
[Date "2024.05.23"]
[Round "8"]
[White "Yamshchikova, Oleksandra"]
[Black "Bashirova, Sona"]
[Result "0-1"]
[Termination "normal"]
[Board "13"]
[WhiteElo "1032"]
[BlackElo "1608"]
[WhiteClock "00:33:02"]
[BlackClock "00:30:21"]
[PlyCount "52"]
[WhiteFideId "34171118"]
[BlackFideId "34664033"]
[EventCountry "GER"]
[EventRounds "11"]
[EventType "swiss"]
[EventDate "2024.05.18"]

1. e4 {[%clk 01:15:59]} {[%emt 00:00:01]} c6 {[%clk 01:15:54]} {[%emt
00:00:06]} 2. Nc3 {[%clk 01:16:21]} {[%emt 00:00:07]} d5 {[%clk 01:16:17]}
{[%emt 00:00:07]} 3. Qe2 {[%clk 01:16:44]} {[%emt 00:00:07]} e6 {[%clk
01:15:00]} {[%emt 00:01:47]} 4. d3 {[%clk 01:16:49]} {[%emt 00:00:24]} g6
{[%clk 01:15:16]} {[%emt 00:00:15]} 5. g3 {[%clk 01:17:08]} {[%emt 00:00:12]}
Bg7 {[%clk 01:15:36]} {[%emt 00:00:09]} 6. Bg2 {[%clk 01:16:34]} {[%emt
00:01:05]} Ne7 {[%clk 01:14:17]} {[%emt 00:01:49]} 7. f4 {[%clk 01:16:30]}
{[%emt 00:00:31]} f6 {[%clk 01:10:24]} {[%emt 00:04:25]} 8. h4 {[%clk
01:16:07]} {[%emt 00:00:51]} h5 {[%clk 01:08:57]} {[%emt 00:01:59]} 9. a3
{[%clk 01:15:35]} {[%emt 00:01:03]} Nd7 {[%clk 01:05:24]} {[%emt 00:04:03]} 10.
Nf3 {[%emt 00:02:15]} Nb6 {[%clk 01:04:21]} {[%emt 00:01:30]} 11. Be3 {[%clk
01:13:35]} {[%emt 00:00:47]} Qc7 {[%clk 01:02:45]} {[%emt 00:02:05]} 12. Bc5
{[%clk 01:12:19]} {[%emt 00:01:46]} Kf7 {[%clk 01:00:21]} {[%emt 00:02:56]} 13.
Bh3 {[%clk 01:09:29]} {[%emt 00:03:18]} Re8 {[%clk 00:57:07]} {[%emt 00:03:45]}
14. g4 {[%clk 01:08:41]} {[%emt 00:01:17]} Qxf4 {[%clk 00:47:25]} {[%emt
00:10:13]} 15. gxh5 {[%clk 01:08:12]} {[%emt 00:00:58]} gxh5 {[%clk 00:45:44]}
{[%emt 00:02:13]} 16. Rg1 {[%clk 01:04:07]} {[%emt 00:04:32]} Qc7 {[%clk
00:41:12]} {[%emt 00:05:04]} 17. Qg2 {[%clk 01:04:00]} {[%emt 00:00:34]} Rg8
{[%clk 00:41:04]} {[%emt 00:00:40]} 18. d4 {[%emt 00:09:25]} Nd7 {[%clk
00:37:41]} {[%emt 00:03:08]} 19. Bxe7 {[%clk 00:55:25]} {[%emt 00:00:53]} Kxe7
{[%clk 00:37:59]} {[%emt 00:00:15]} 20. Qf2 {[%clk 00:52:04]} {[%emt 00:03:50]}
Nb6 {[%clk 00:35:46]} {[%emt 00:02:43]} 21. Rg2 {[%clk 00:49:18]} {[%emt
00:03:13]} Bd7 {[%clk 00:35:16]} {[%emt 00:01:05]} 22. Kf1 {[%clk 00:46:57]}
{[%emt 00:04:22]} Bh6 {[%clk 00:32:18]} 23. Rxg8 {[%clk 00:41:58]} {[%emt
00:08:24]} Rxg8 {[%clk 00:32:24]} 24. b3 {[%clk 00:41:30]} {[%emt 00:01:23]}
Nc4 {[%clk 00:32:03]} 25. Ke1 {[%clk 00:39:37]} {[%emt 00:03:08]} Ne3 {[%clk
00:30:59]} 26. Ne2 {[%clk 00:33:02]} {[%emt 00:08:45]} Nxc2+ {[%clk 00:30:21]}
0-1

[Event "DEM U10w 2024"]
[Site "Willingen GER"]
[Date "2024.05.23"]
[Round "8"]
[White "Rabus, Luise"]
[Black "Sniegowski, Amalia"]
[Result "0-1"]
[Termination "normal"]
[Board "14"]
[WhiteElo "1090"]
[BlackElo "998"]
[WhiteClock "00:21:21"]
[BlackClock "00:18:49"]
[PlyCount "80"]
[WhiteFideId "34636900"]
[BlackFideId "34675620"]
[EventCountry "GER"]
[EventRounds "11"]
[EventType "swiss"]
[EventDate "2024.05.18"]

1. e4 {[%clk 01:15:58]} {[%emt 00:00:02]} c5 {[%clk 01:15:53]} {[%emt
00:00:07]} 2. d3 {[%clk 01:16:21]} {[%emt 00:00:07]} e6 {[%clk 01:16:15]}
{[%emt 00:00:08]} 3. f4 {[%clk 01:16:45]} {[%emt 00:00:06]} Nc6 {[%clk
01:15:52]} {[%emt 00:00:54]} 4. Nf3 {[%clk 01:17:00]} {[%emt 00:00:14]} Qc7
{[%clk 01:15:26]} {[%emt 00:00:56]} 5. Be2 {[%clk 01:17:11]} {[%emt 00:00:18]}
Bd6 {[%clk 01:15:04]} {[%emt 00:00:53]} 6. Qd2 {[%clk 01:16:24]} {[%emt
00:01:17]} e5 {[%clk 01:14:58]} {[%emt 00:00:36]} 7. Nxe5 {[%clk 01:15:50]}
{[%emt 00:01:03]} Nxe5 {[%clk 01:15:09]} {[%emt 00:00:20]} 8. fxe5 {[%clk
01:16:12]} {[%emt 00:00:08]} Bxe5 {[%clk 01:15:25]} {[%emt 00:00:14]} 9. c3
{[%clk 01:16:35]} {[%emt 00:00:07]} Nf6 {[%clk 01:14:55]} {[%emt 00:01:00]} 10.
Qg5 {[%clk 01:03:10]} {[%emt 00:13:55]} O-O {[%clk 01:13:53]} {[%emt 00:01:32]}
11. Qh4 {[%clk 00:57:58]} {[%emt 00:05:41]} b5 {[%clk 01:09:51]} {[%emt
00:04:33]} 12. Bg5 {[%clk 00:57:45]} {[%emt 00:00:43]} Bb7 {[%clk 01:03:28]}
{[%emt 00:06:53]} 13. Nd2 {[%clk 00:57:46]} {[%emt 00:00:28]} d5 {[%clk
00:59:18]} {[%emt 00:04:40]} 14. Rc1 {[%clk 00:56:05]} {[%emt 00:02:11]} Qd6
{[%clk 00:56:38]} {[%emt 00:03:11]} 15. Nf3 {[%clk 00:55:21]} {[%emt 00:01:14]}
h6 {[%clk 00:53:53]} {[%emt 00:03:15]} 16. Nxe5 {[%clk 00:53:57]} {[%emt
00:01:54]} hxg5 {[%clk 00:53:21]} {[%emt 00:01:02]} 17. Qxg5 {[%clk 00:52:34]}
{[%emt 00:01:53]} dxe4 {[%clk 00:53:13]} {[%emt 00:00:38]} 18. Rd1 {[%clk
00:46:55]} {[%emt 00:06:10]} Qe6 {[%clk 00:45:45]} {[%emt 00:07:46]} 19. O-O
{[%clk 00:46:30]} {[%emt 00:01:06]} Nh7 {[%clk 00:44:31]} {[%emt 00:01:44]} 20.
Qg3 {[%clk 00:46:27]} {[%emt 00:00:33]} Rae8 {[%clk 00:41:39]} {[%emt
00:03:22]} 21. Ng4 {[%clk 00:43:44]} {[%emt 00:03:12]} e3 {[%clk 00:34:23]}
{[%emt 00:07:47]} 22. Rf3 {[%clk 00:42:15]} {[%emt 00:01:58]} Bxf3 {[%clk
00:33:54]} {[%emt 00:00:59]} 23. Bxf3 {[%clk 00:40:15]} {[%emt 00:02:30]} f5
{[%clk 00:34:04]} {[%emt 00:00:21]} 24. c4 {[%clk 00:38:30]} {[%emt 00:02:15]}
bxc4 {[%clk 00:33:26]} {[%emt 00:01:08]} 25. dxc4 {[%clk 00:38:44]} {[%emt
00:00:16]} fxg4 {[%clk 00:33:30]} {[%emt 00:00:26]} 26. Bd5 {[%clk 00:39:02]}
{[%emt 00:00:12]} Qxd5 {[%clk 00:30:27]} {[%emt 00:03:33]} 27. cxd5 {[%clk
00:39:18]} {[%emt 00:00:14]} Rf7 {[%clk 00:29:32]} {[%emt 00:01:25]} 28. d6
{[%clk 00:37:00]} {[%emt 00:02:47]} e2 {[%clk 00:24:57]} {[%emt 00:05:06]} 29.
Re1 {[%clk 00:35:56]} {[%emt 00:01:34]} Rd7 {[%clk 00:24:26]} {[%emt 00:01:01]}
30. b3 {[%clk 00:35:52]} {[%emt 00:00:33]} a5 {[%clk 00:24:01]} {[%emt
00:00:56]} 31. Qd3 {[%clk 00:29:11]} {[%emt 00:07:11]} Re6 {[%clk 00:22:32]}
{[%emt 00:01:58]} 32. Rxe2 {[%clk 00:27:27]} {[%emt 00:02:14]} Rexd6 {[%clk
00:22:38]} {[%emt 00:00:25]} 33. Re8+ {[%clk 00:27:08]} {[%emt 00:00:49]} Kf7
{[%clk 00:22:03]} {[%emt 00:01:04]} 34. Qe4 {[%clk 00:25:51]} {[%emt 00:01:48]}
Nf6 {[%clk 00:21:19]} {[%emt 00:01:14]} 35. Qc4+ {[%clk 00:21:29]} {[%emt
00:04:52]} Kxe8 {[%clk 00:21:38]} {[%emt 00:00:11]} 36. Qxc5 {[%clk 00:21:51]}
{[%emt 00:00:07]} Rd2 {[%clk 00:21:21]} {[%emt 00:00:42]} 37. Qxa5 {[%clk
00:21:26]} {[%emt 00:01:01]} Rb2 {[%clk 00:20:45]} {[%emt 00:01:00]} 38. Qe5+
{[%clk 00:21:28]} {[%emt 00:00:34]} Kf7 {[%clk 00:19:18]} {[%emt 00:01:54]} 39.
Qxb2 {[%clk 00:21:45]} {[%emt 00:00:15]} Ne4 {[%clk 00:18:44]} {[%emt
00:00:50]} 40. b4 {[%clk 00:21:21]} {[%emt 00:01:10]} Rd1# {[%clk 00:18:49]}
{[%emt 00:00:17]} 0-1

[Event "DEM U10w 2024"]
[Site "Willingen GER"]
[Date "2024.05.23"]
[Round "8"]
[White "Vasilieva, Victoria"]
[Black "Lao, Theodora Siyuan"]
[Result "1/2-1/2"]
[Termination "normal"]
[Board "15"]
[WhiteElo "1048"]
[BlackElo "1087"]
[WhiteClock "00:52:24"]
[BlackClock "01:05:36"]
[PlyCount "68"]
[WhiteFideId "533007071"]
[BlackFideId "34667547"]
[EventCountry "GER"]
[EventRounds "11"]
[EventType "swiss"]
[EventDate "2024.05.18"]

1. d4 {[%clk 01:15:58]} {[%emt 00:00:01]} d5 {[%clk 01:15:54]} {[%emt
00:00:07]} 2. c4 {[%clk 01:16:13]} {[%emt 00:00:14]} c6 {[%clk 01:16:11]}
{[%emt 00:00:13]} 3. b3 {[%clk 01:14:55]} {[%emt 00:01:49]} e6 {[%clk
01:16:00]} {[%emt 00:00:40]} 4. Nf3 {[%clk 01:14:14]} {[%emt 00:01:11]} Nf6
{[%clk 01:16:13]} {[%emt 00:00:17]} 5. Bf4 {[%clk 01:13:46]} {[%emt 00:00:57]}
Bd6 {[%clk 01:16:30]} {[%emt 00:00:14]} 6. Bxd6 {[%clk 01:13:28]} {[%emt
00:00:47]} Qxd6 {[%clk 01:16:40]} {[%emt 00:00:20]} 7. e3 {[%clk 01:11:41]}
{[%emt 00:02:18]} O-O {[%clk 01:16:47]} {[%emt 00:00:23]} 8. Bd3 {[%clk
01:11:31]} {[%emt 00:00:40]} Nbd7 {[%clk 01:16:45]} {[%emt 00:00:33]} 9. O-O
{[%clk 01:10:03]} {[%emt 00:01:58]} Re8 {[%clk 01:16:58]} {[%emt 00:00:16]} 10.
Re1 {[%clk 01:08:51]} {[%emt 00:01:42]} e5 {[%clk 01:16:57]} {[%emt 00:00:32]}
11. dxe5 {[%clk 01:07:13]} {[%emt 00:02:07]} Nxe5 {[%clk 01:17:09]} {[%emt
00:00:18]} 12. Nxe5 {[%clk 01:07:31]} {[%emt 00:00:11]} Qxe5 {[%clk 01:17:32]}
{[%emt 00:00:08]} 13. Nd2 {[%clk 01:06:52]} {[%emt 00:01:09]} Bf5 {[%clk
01:16:42]} {[%emt 00:01:19]} 14. Bxf5 {[%clk 01:05:42]} {[%emt 00:01:40]} Qxf5
{[%clk 01:16:56]} {[%emt 00:00:17]} 15. Nf3 {[%clk 01:03:47]} {[%emt 00:02:25]}
Rad8 {[%clk 01:16:28]} {[%emt 00:00:56]} 16. Qc1 {[%clk 01:02:46]} {[%emt
00:01:33]} Ne4 {[%clk 01:13:57]} {[%emt 00:03:00]} 17. Rf1 {[%clk 00:59:52]}
{[%emt 00:03:24]} c5 {[%clk 01:11:35]} {[%emt 00:02:53]} 18. Nd2 {[%clk
00:56:38]} {[%emt 00:03:42]} Nxd2 {[%clk 01:11:26]} {[%emt 00:00:41]} 19. Qxd2
{[%clk 00:56:47]} {[%emt 00:00:20]} dxc4 {[%clk 01:11:43]} {[%emt 00:00:15]}
20. Qa5 {[%clk 00:56:01]} {[%emt 00:01:15]} cxb3 {[%clk 01:11:49]} {[%emt
00:00:25]} 21. axb3 {[%clk 00:55:58]} {[%emt 00:00:32]} a6 {[%clk 01:11:10]}
{[%emt 00:01:09]} 22. Rfd1 {[%clk 00:55:12]} {[%emt 00:01:16]} Rxd1+ {[%clk
01:10:08]} {[%emt 00:01:33]} 23. Rxd1 {[%clk 00:55:25]} {[%emt 00:00:16]} h6
{[%clk 01:10:20]} {[%emt 00:00:18]} 24. h3 {[%clk 00:55:15]} {[%emt 00:00:40]}
Kh7 {[%clk 01:09:09]} {[%emt 00:01:41]} 25. Qa4 {[%clk 00:54:14]} {[%emt
00:01:31]} Qe5 {[%clk 01:08:17]} {[%emt 00:01:18]} 26. Qd7 {[%clk 00:53:51]}
{[%emt 00:00:57]} Qe7 {[%clk 01:08:20]} {[%emt 00:00:24]} 27. Qf5+ {[%clk
00:53:23]} {[%emt 00:01:00]} Kg8 {[%clk 01:07:59]} {[%emt 00:00:50]} 28. Rd7
{[%clk 00:53:27]} {[%emt 00:00:28]} Qe6 {[%clk 01:07:44]} {[%emt 00:00:42]} 29.
Qd3 {[%clk 00:52:39]} {[%emt 00:01:22]} Qe4 {[%clk 01:06:12]} {[%emt 00:01:59]}
30. Qd6 {[%clk 00:52:17]} {[%emt 00:00:49]} Qe6 {[%clk 01:06:01]} {[%emt
00:00:38]} 31. Qd3 {[%clk 00:52:10]} {[%emt 00:00:45]} Qe4 {[%clk 01:05:37]}
{[%emt 00:00:49]} 32. Qd6 {[%clk 00:52:15]} {[%emt 00:00:29]} Qe6 {[%clk
01:05:08]} {[%emt 00:00:58]} 33. Qd3 {[%clk 00:52:06]} {[%emt 00:00:40]} Qe4
{[%clk 01:05:20]} {[%emt 00:00:18]} 34. Qd6 {[%clk 00:52:24]} {[%emt 00:00:12]}
Qe6 {[%clk 01:05:36]} {[%emt 00:00:14]} 1/2-1/2

[Event "DEM U10w 2024"]
[Site "Willingen GER"]
[Date "2024.05.23"]
[Round "8"]
[White "Seitov, Adela"]
[Black "Wolf, Aurelia"]
[Result "1/2-1/2"]
[Termination "normal"]
[Board "16"]
[WhiteElo "923"]
[BlackElo "1498"]
[WhiteClock "01:13:30"]
[BlackClock "00:32:52"]
[PlyCount "63"]
[WhiteFideId "34675140"]
[BlackFideId "34671048"]
[EventCountry "GER"]
[EventRounds "11"]
[EventType "swiss"]
[EventDate "2024.05.18"]

1. e4 {[%clk 01:15:59]} e5 {[%clk 01:15:56]} {[%emt 00:00:04]} 2. Nf3 {[%clk
01:16:25]} {[%emt 00:00:04]} Nc6 {[%clk 01:16:21]} {[%emt 00:00:05]} 3. Bb5
{[%clk 01:16:42]} {[%emt 00:00:13]} a6 {[%clk 01:16:42]} {[%emt 00:00:09]} 4.
Bxc6 {[%clk 01:17:05]} {[%emt 00:00:07]} dxc6 {[%clk 01:17:06]} {[%emt
00:00:07]} 5. Nc3 {[%clk 01:17:20]} {[%emt 00:00:15]} Nf6 {[%clk 01:15:44]}
{[%emt 00:01:51]} 6. d3 {[%clk 01:16:09]} {[%emt 00:01:42]} Bd6 {[%clk
01:14:56]} {[%emt 00:01:17]} 7. Bg5 {[%clk 01:15:32]} {[%emt 00:01:07]} O-O
{[%clk 01:09:39]} {[%emt 00:05:47]} 8. Bxf6 {[%clk 01:15:05]} {[%emt 00:00:57]}
Qxf6 {[%clk 01:09:55]} {[%emt 00:00:14]} 9. Qd2 {[%clk 01:14:18]} {[%emt
00:01:17]} Bg4 {[%clk 01:06:24]} {[%emt 00:04:01]} 10. Qg5 {[%clk 01:14:23]}
{[%emt 00:00:25]} Qxg5 {[%clk 01:05:55]} {[%emt 00:00:59]} 11. Nxg5 {[%clk
01:14:45]} {[%emt 00:00:07]} h6 {[%clk 01:02:30]} {[%emt 00:03:56]} 12. f3
{[%clk 01:14:43]} {[%emt 00:00:32]} Bd7 {[%clk 01:00:11]} {[%emt 00:02:48]} 13.
Nh3 {[%clk 01:14:57]} {[%emt 00:00:17]} Bxh3 {[%clk 00:58:12]} {[%emt
00:02:29]} 14. gxh3 {[%clk 01:15:19]} {[%emt 00:00:07]} Bb4 {[%clk 00:52:31]}
{[%emt 00:06:12]} 15. O-O-O {[%clk 01:15:18]} {[%emt 00:00:31]} Bxc3 {[%clk
00:50:36]} {[%emt 00:02:25]} 16. bxc3 {[%clk 01:15:30]} {[%emt 00:00:18]} Rad8
{[%clk 00:46:44]} {[%emt 00:04:22]} 17. d4 {[%clk 01:15:45]} {[%emt 00:00:15]}
f6 {[%clk 00:44:41]} {[%emt 00:02:33]} 18. d5 {[%clk 01:15:48]} {[%emt
00:00:28]} cxd5 {[%clk 00:44:31]} {[%emt 00:00:39]} 19. exd5 {[%clk 01:16:02]}
{[%emt 00:00:17]} f5 {[%clk 00:42:23]} {[%emt 00:02:37]} 20. Rhe1 {[%clk
01:16:11]} {[%emt 00:00:21]} Rfe8 {[%clk 00:42:02]} {[%emt 00:00:50]} 21. c4
{[%clk 01:15:18]} {[%emt 00:01:24]} e4 {[%clk 00:37:12]} {[%emt 00:05:21]} 22.
fxe4 {[%clk 01:15:40]} {[%emt 00:00:07]} Rxe4 {[%clk 00:37:15]} {[%emt
00:00:26]} 23. Rxe4 {[%clk 01:15:54]} {[%emt 00:00:16]} fxe4 {[%clk 00:37:34]}
{[%emt 00:00:11]} 24. c5 {[%clk 01:15:44]} {[%emt 00:00:41]} e3 {[%clk
00:37:40]} {[%emt 00:00:24]} 25. c4 {[%clk 01:15:46]} {[%emt 00:00:28]} e2
{[%clk 00:35:41]} {[%emt 00:02:29]} 26. Re1 {[%clk 01:16:09]} {[%emt 00:00:07]}
Re8 {[%clk 00:35:27]} {[%emt 00:00:44]} 27. Kd2 {[%clk 01:16:37]} {[%emt
00:00:02]} Kf7 {[%clk 00:35:46]} {[%emt 00:00:11]} 28. Rxe2 {[%clk 01:17:02]}
{[%emt 00:00:06]} Rxe2+ {[%clk 00:36:08]} {[%emt 00:00:07]} 29. Kxe2 {[%clk
01:17:18]} {[%emt 00:00:14]} Kf6 {[%clk 00:35:07]} {[%emt 00:01:30]} 30. Kd3
{[%clk 01:17:24]} {[%emt 00:00:26]} Ke5 {[%clk 00:35:19]} {[%emt 00:00:17]} 31.
Kc3 {[%clk 01:17:27]} {[%emt 00:00:27]} b6 {[%clk 00:32:52]} {[%emt 00:02:57]}
32. cxb6 {[%clk 01:13:30]} {[%emt 00:04:28]} 1/2-1/2